Pranaya pusthakam: (Record no. 148125)

000 -LEADER
fixed length control field 00317nam a22001337a 4500
020 ## - INTERNATIONAL STANDARD BOOK NUMBER
International Standard Book Number
082 ## - DEWEY DECIMAL CLASSIFICATION NUMBER
Classification number
Item number
100 ## - MAIN ENTRY--PERSONAL NAME
Personal name Sudheesh V R
245 ## - TITLE STATEMENT
Title Pranaya pusthakam:
Remainder of title malayalathintae pranaya vikarangal/
Statement of responsibility, etc. by Sudheesh V R.
260 ## - PUBLICATION, DISTRIBUTION, ETC.
Place of publication, distribution, etc.
Name of publisher, distributor, etc. Orange Publications,
Date of publication, distribution, etc. 2007.
300 ## - PHYSICAL DESCRIPTION
Extent
650 ## - SUBJECT ADDED ENTRY--TOPICAL TERM
Topical term or geographic name entry element
942 ## - ADDED ENTRY ELEMENTS (KOHA)
Koha item type Book
Holdings
Withdrawn status Lost status Damaged status Not for loan Permanent Location Current Location Shelving location Date acquired Cost, normal purchase price Total Checkouts Barcode Date last seen Price effective from Koha item type
        RC Thuravoor RC Thuravoor   08.03.2019 195.00   TH005546 08.03.2019 08.03.2019 Book